Normal view
MARC view
Entry Personal Name
001 - CONTROL NUMBER
- control field: 259562
003 - CONTROL NUMBER IDENTIFIER
- control field: OSt
005 - DATE AND TIME OF LATEST TRANSACTION
- control field: 20260327113551.0
008 - FIXED-LENGTH DATA ELEMENTS
- fixed length control field: 260327|| aca||aabn | a|a d
040 ## - CATALOGING SOURCE
- Original cataloging agency: OSt
- Transcribing agency: OSt
100 ## - HEADING--PERSONAL NAME
- Personal name: MUNSHI (K M)
- Dates associated with a name: मुंशी (के.एम.)
670 ## - SOURCE DATA FOUND
- Source citation: Work cat.: (OSt)148897: MUNSHI (K M) मुंशी (के.एम.) , Lpa mudra I, 1937